NBA players with over 11,000 points - Statistics

General Stats
  • This quiz has been taken 14 times
  • The average score is 135 of 343
Answer Stats
Hint Answer % Correct
38,387 Kareem Abdul-Jabbar
100%
33,643 Kobe Bryant
100%
42,184 LeBron James
100%
25,386 Stephen Curry
92%
23,011 Chris Paul
83%
14,034 David West
83%
12,670 Dell Curry
83%
17,231 Jeff Malone
83%
25,192 Jerry West
83%
36,928 Karl Malone
83%
18,433 Kyrie Irving
83%
27,409 Moses Malone
83%
28,596 Shaquille O'Neal
83%
26,496 Tim Duncan
83%
20,790 David Robinson
75%
11,264 David Thompson
75%
31,546 Dirk Nowitzki
75%
23,165 Dwyane Wade
75%
20,538 Giannis Antetokounmpo
75%
26,946 Hakeem Olajuwon
75%
18,822 Isaiah Thomas
75%
14,862 James Edwards
75%
27,687 James Harden
75%
17,529 Jason Kidd
75%
18,364 Julius Erving
75%
14,733 Kawhi Leonard
75%
30,571 Kevin Durant
75%
26,071 Kevin Garnett
75%
16,536 Klay Thompson
75%
12,878 Luka Dončić
75%
17,707 Magic Johnson
75%
26,205 Russell Westbrook
75%
18,940 Scottie Pippen
75%
31,419 Wilt Chamberlain
75%
12,331 A.C. Green
67%
15,647 Antoine Walker
67%
14,522 Bill Russell
67%
28,289 Carmelo Anthony
67%
18,831 Chet Walker
67%
19,591 Clifford Robinson
67%
15,535 Dennis Johnson
67%
13,320 Donovan Mitchell
67%
19,202 Eddie Johnson
67%
14,018 Fred Brown
67%
21,813 Gary Payton
67%
14,234 Glenn Robinson
67%
16,320 James Worthy
67%
11,436 Jaylen Brown
67%
13,784 Jayson Tatum
67%
14,413 Jeff Green
67%
11,655 Jimmy Walker
67%
20,407 Joe Johnson
67%
11,208 Joe Smith
67%
12,088 John Wall
67%
12,996 Josh Smith
67%
12,148 JR Smith
67%
14,486 Kemba Walker
67%
13,127 Kevin Johnson
67%
21,791 Larry Bird
67%
11,450 Larry Johnson
67%
13,892 Marques Johnson
67%
12,748 Mickey Johnson
67%
15,016 Mike Mitchell
67%
12,810 Mychal Thompson
67%
16,210 Nikola Jokić
67%
26,710 Oscar Robertson
67%
16,262 Randy Smith
67%
24,505 Ray Allen
67%
17,387 Steve Nash
67%
19,473 Tony Parker
67%
25,728 Vince Carter
67%
11,825 Vinnie Johnson
67%
24,368 Allen Iverson
58%
13,968 Andre Iguodala
58%
18,978 Anthony Davis
58%
13,447 Baron Davis
58%
16,960 Bob Cousy
58%
16,784 Buck Williams
58%
12,377 Cazzie Russell
58%
25,292 DeMar DeRozan
58%
13,804 Deron Williams
58%
26,668 Dominique Wilkins
58%
27,313 Elvin Hayes
58%
17,137 Grant Hill
58%
14,093 Gus Williams
58%
16,402 Joe Dumars
58%
26,395 John Havlicek
58%
19,711 John Stockton
58%
17,772 Lenny Wilkens
58%
15,593 Lou Williams
58%
24,815 Patrick Ewing
58%
26,397 Paul Pierce
58%
16,006 Rasheed Wallace
58%
14,467 Ricky Pierce
58%
23,334 Robert Parish
58%
15,586 Terry Porter
58%
14,225 Thaddeus Young
58%
18,381 Tracy McGrady
58%
12,220 Trae Young
58%
19,521 Walter Davis
58%
25,613 Alex English
50%
16,278 Andre Miller
50%
14,169 Andrew Wiggins
50%
14,513 Blake Griffin
50%
12,964 Bob Boozer
50%
18,787 Bob McAdoo
50%
20,880 Bob Pettit
50%
15,097 Byron Scott
50%
13,976 Carlos Boozer
50%
23,757 Charles Barkley
50%
15,802 Chauncey Billups
50%
17,189 Chris Bosh
50%
22,195 Clyde Drexler
50%
22,598 Damian Lillard
50%
16,452 Devin Booker
50%
14,155 Eddie Jones
50%
23,149 Elgin Baylor
50%
20,708 George Gervin
50%
11,402 Gilbert Arenas
50%
12,996 Horace Grant
50%
13,309 Jermaine O'Neal
50%
12,523 Joel Embiid
50%
15,421 Kevin Love
50%
17,335 Kevin McHale
50%
16,356 Kyle Lowry
50%
20,558 LaMarcus Aldridge
50%
14,043 Manu Ginobili
50%
18,697 Paul George
50%
15,948 Pete Maravich
50%
25,279 Reggie Miller
50%
12,871 Rik Smits
50%
15,411 Sam Jones
50%
11,294 Shai Gilgeous-Alexander
50%
15,347 Shawn Kemp
50%
17,700 Shawn Marion
50%
15,373 Tim Hardaway
50%
11,151 Tim Hardaway Jr.
50%
13,398 Vlade Divac
50%
12,183 Willis Reed
50%
14,551 Allan Houston
42%
15,994 Amar'e Stoudemire
42%
15,579 Artis Gilmore
42%
11,084 Ben Gordon
42%
13,790 Bill Laimbeer
42%
19,248 Bob Lanier
42%
13,895 Bob Love
42%
17,517 Brook Lopez
42%
12,430 Caron Butler
42%
17,911 Chris Mullin
42%
17,182 Chris Webber
42%
11,763 Damon Stoudamire
42%
11,399 De'Aaron Fox
42%
12,573 Derrick Rose
42%
11,729 Dikembe Mutombo
42%
19,485 Dwight Howard
42%
16,827 Elton Brand
42%
14,134 Eric Gordon
42%
18,336 Glen Rice
42%
13,220 Jalen Rose
42%
16,409 Jerry Stackhouse
42%
12,690 Jim Jackson
42%
15,898 Jimmy Butler
42%
14,399 Jojo White
42%
16,159 Juwan Howard
42%
12,514 Marc Gasol
42%
12,489 Mark Jackson
42%
20,497 Mitch Richmond
42%
20,894 Pau Gasol
42%
13,647 Peja Stojakovic
42%
15,579 Rashard Lewis
42%
11,931 Sidney Moncrief
42%
12,976 Stephen Jackson
42%
16,297 Stephon Marbury
42%
20,049 Tom Chambers
42%
15,581 Walt Frazier
42%
13,590 Zach LaVine
42%
23,177 Adrian Dantley
33%
14,343 Al Jefferson
33%
14,311 Alonzo Mourning
33%
13,910 Alvan Adams
33%
20,042 Antawn Jamison
33%
19,655 Bernard King
33%
13,626 Billy Cunningham
33%
12,417 Charles Oakley
33%
13,516 Dave Cowens
33%
12,802 DeMarcus Cousins
33%
16,006 Derek Harper
33%
12,884 Derrick Coleman
33%
21,586 Hal Greer
33%
13,807 Harrison Barnes
33%
14,470 Hersey Hawkins
33%
14,644 Jason Richardson
33%
18,881 Jason Terry
33%
14,053 Jerry Lucas
33%
16,422 Jrue Holiday
33%
13,517 Julius Randle
33%
15,687 Larry Nance
33%
16,712 Latrell Sprewell
33%
18,458 Mark Aguirre
33%
12,339 Maurice Lucas
33%
17,306 Michael Finley
33%
11,972 Michael Redd
33%
14,698 Mike Bibby
33%
14,858 Monta Ellis
33%
16,481 Nate Archibald
33%
16,719 Nikola Vučević
33%
11,325 Pascal Siakam
33%
15,708 Richard Hamilton
33%
14,904 Richard Jefferson
33%
18,395 Rick Barry
33%
14,463 Rod Strickland
33%
17,623 Rolando Blackman
33%
13,910 Ron Harper
33%
17,642 Rudy Gay
33%
15,635 Sam Cassell
33%
14,705 Al Horford
25%
11,293 Andre Drummond
25%
12,713 Bill Cartwright
25%
11,184 Bojan Bogdanovic
25%
17,257 Bradley Beal
25%
14,659 Dan Issel
25%
18,327 Dave Bing
25%
14,053 Dave DeBusschere
25%
11,232 David Lee
25%
15,761 Detlef Schrempf
25%
18,438 Dolph Schayes
25%
19,181 Gail Goodrich
25%
12,568 Goran Dragic
25%
17,287 Jack Sikma
25%
14,644 Jamaal Wilkes
25%
19,419 Jamal Crawford
25%
15,659 Jeff Hornacek
25%
12,279 Jonas Valančiūnas
25%
14,880 Karl-Anthony Towns
25%
12,396 Kevin Martin
25%
17,253 Kevin Willis
25%
12,901 Khris Middleton
25%
15,980 Kiki Vandeweghe
25%
11,953 Kyle Korver
25%
12,781 Lamar Odom
25%
13,361 Luol Deng
25%
12,195 Maurice Cheeks
25%
13,058 Metta World Peace
25%
32,292 Micheal Jordan
25%
14,437 Nate Thurmond
25%
11,529 Nick Anderson
25%
12,658 Nick Van Exel
25%
17,599 Otis Thorpe
25%
16,266 Paul Arizin
25%
14,536 Paul Millsap
25%
12,809 Paul Westphal
25%
15,324 Sam Perkins
25%
14,592 Spencer Haywood
25%
19,460 Terry Cummings
25%
15,604 Tobias Harris
25%
18,578 Zach Randolph
25%
12,227 Antonio McDyess
17%
15,530 Bob Dandridge
17%
15,414 CJ McCollum
17%
13,198 Corey Maggette
17%
12,367 Danny Manning
17%
12,391 Darrell Griffith
17%
11,738 Dennis Schröder
17%
17,454 Earl Monroe
17%
12,687 Gordon Hayward
17%
15,840 Jack Twyman
17%
11,644 Jamal Mashburn
17%
13,017 Jeff Mullins
17%
11,825 Jerome Kersey
17%
12,455 Joe Barry Carroll
17%
12,029 Jordan Clarkson
17%
12,914 Kendall Gill
17%
11,198 Larry Foust
17%
13,623 Orlando Woolridge
17%
12,544 Otis Birdsong
17%
14,676 Richie Guerin
17%
13,383 Rudy Tomjanovich
17%
15,028 Shareef Abdur-Rahim
17%
11,272 Tayshaun Prince
17%
12,194 Tom Heinsohn
17%
11,839 Vin Baker
17%
20,941 Walt Bellamy
17%
12,878 Wayman Tisdale
17%
13,606 Xavier McDaniel
17%
13,237 Al Harrington
8%
12,700 Armen Gilliam
8%
17,770 Bailey Howell
8%
12,665 Bill Sharman
8%
17,949 Calvin Murphy
8%
13,858 Chuck Person
8%
13,447 Cliff Hagan
8%
11,964 Danny Ainge
8%
15,358 Dick Barnett
8%
15,079 Dick Van Arsdale
8%
12,541 Jack Marin
8%
12,028 JJ Redick
8%
15,291 John Drew
8%
12,131 John Long
8%
12,281 Johnny Green
8%
12,480 Johnny Kerr
8%
12,740 Johnny Newman
8%
12,142 Kelly Tripucka
8%
17,940 Lou Hudson
8%
16,470 Mike Conley
8%
11,048 Mike Dunleavy
8%
12,507 Mike Newlin
8%
11,260 Nicolas Batum
8%
12,065 Norm Nixon
8%
11,782 Paul Silas
8%
14,607 Purvis Short
8%
11,028 Serge Ibaka
8%
12,803 Sidney Wicks
8%
12,260 Sleepy Floyd
8%
13,430 Steven Smith
8%
14,232 Tom Van Arsdale
8%
11,988 Truck Robinson
8%
11,210 Wesley Matthews
8%
17,955 World Free
8%
11,819 Archie Clark
0%
11,012 Bill Bridges
0%
11,121 Christian Laettner
0%
11,947 Clyde Lovellette
0%
11,964 Cuttino Mobley
0%
11,607 Danilo Gallinari
0%
11,318 Dan Roundfield
0%
11,842 David Wesley
0%
11,755 Dick Snyder
0%
11,549 Don Ohl
0%
11,234 Ed Macauley
0%
11,736 Gerald Wilkins
0%
11,505 Happy Hairston
0%
11,022 Hedo Turkoglu
0%
11,944 Herb Williams
0%
11,199 Jim Paxson
0%
11,200 John Johnson
0%
11,517 Junior Bridgeman
0%
11,575 Kevin Loughery
0%
11,962 Mookie Blaylock
0%
11,507 Rudy LaRusso
0%
11,916 Scott Wedman
0%
11,834 Thurl Bailey
0%
11,593 Trevor Ariza
0%
11,305 Willie Naulls
0%
No matching quizzes found
Score Distribution
Percent of People with Each Score
Percentile by Number Answered
Your Score History
You have not taken this quiz